000 01318nam0a2200385 4500
001 RU\NLR\bibl\256657
005 20250620124643.0
010 _a5-03-003265-7
_93000
021 _aRU
_b2000-55277
_92562
035 _a(NLR Aleph) 000252407
090 _a1473001
_c1473001
100 _a20010311d2001 |||y0rusy50 ca
101 1 _arus
_ceng
102 _aRU
105 _aa |||||||||
200 1 _aУчимся программировать на языке С++
_fК. Джамса
_gПер. с англ. С. П. Кошеля
205 _a3-е изд., стер.
210 _aМ.
_cМир
_d2001
215 _a320 с.
_cил.
_d24
313 _aИзд.проверено 1999г
320 _aПредм. указ.: с. 316-318
606 0 _aC++, язык программирования
_92072018
_3RU\NLR\auth\661246828
610 0 _aПрограммирования языки
610 0 _aОбъектно-ориентированное программирование
675 _a004.42
_v3
_zrus
686 _a50
_2rugasnti
686 _a32.973.26-018.1
_2rubbk
686 _aЗ973.23-018.1
700 1 _aДжамса
_gКрис
_4070
801 0 _aRU
_bRKP
_c20010311
_gPSBO
801 1 _aRU
_bRKP
_c20010311
801 2 _aRU
_bNLR
_c20020613
_grcr
942 _cBOOK
980 _aNB